00448 2200181 4500001002100000005001500021008004100036020002500077035001900102041000700121082001000128090001600138100002300154245001800177260002800195300002800223650001500251INLIS00000000000199920241224112445241224||||||||| | ||| |||| || |  a(13)978-979-033-113- 0010-1224001999 aid0 a574.5 a574.5 SAL p0 aLaura Purdie Salas00aPadang Rumput aJakartaberlanggac2007 a24 hlm. : ilus. ; 21 cm 0aIlmu Murni